MARC

LEADER 00000nab a2200000 a 4500
001 vtls009515488
003 SK-MaSNL
005 20260303193912.0
008 090521c1987 xo || 0| slo
015 |a SNBRB19rr/mm-uuuuu 
040 |a SNKBUCL  |b slo  |c SNKBUCL  |e AACR2 
041 0 |a slo 
044 |a xo  |c SK 
080 |a 792.7  |2 1981 
245 0 0 |a Dobré divadlo  |c [autor] E. B. 
600 1 7 |a Porubjak, Martin,  |d 1944-2015  |t Zmúdrenie Sancha Panzu  |2 snkbucl  |9 1225586 
610 2 7 |a Divadlo pre deti a mládež (Trnava, Slovensko)  |2 snkbucl  |9 62728 
650 0 7 |a činohry  |2 snkbucl  |9 3325 
650 0 7 |a divadelné inscenácie  |2 snkbucl  |9 3326 
655 7 |a recenzie  |2 snkbucl  |9 21907 
655 7 |a články z novín a časopisov  |2 snkbucl  |9 267496 
773 0 |t Sloboda  |g Roč. 42, č. 28 (1987), s. 4 
850 |a Slovenská národná knižnica v Martine  |a MTA001 
852 |a SNK  |b KIS3GCP 
999 |c 2154608  |d 2156538